000 00565nam a22001817a 4500
005 20231110144520.0
008 231110b |||||||| |||| 00| 0 eng d
020 _a0409021733
041 _aEnglish
082 _a346.1 CRO
100 _aCronje, DSP and Heaton, J
_lEnglish
245 _aThe South African Law of Persons /
_cDSP Cronje and J Heaton
250 _aSecond Edition
260 _aDurban :
_bLexisNexis Butterworths,
_c2003
300 _bix, 166 pages ;
_c25 cm.
650 _aLegal practice
_bLaw
942 _cBK
_6ALISON_BN_VRIES
999 _c527
_d527